Территория: роман
| Autor principal: | |
|---|---|
| Idioma: | rus |
| Publicat: |
Москва, Современник, 1984
|
| Col·lecció: | Библиотека российского романа |
| Matèries: | |
| Format: | Llibre |
| KOHA link: | https://koha.lib.tpu.ru/cgi-bin/koha/opac-detail.pl?biblionumber=105732 |
MARC
| LEADER | 00000nam0a2200000 4500 | ||
|---|---|---|---|
| 001 | 105732 | ||
| 005 | 20231031114613.0 | ||
| 035 | |a (RuTPU)RU\TPU\book\114089 | ||
| 090 | |a 105732 | ||
| 100 | |a 20061121d1984 m y0rusy50 ca | ||
| 101 | 0 | |a rus | |
| 102 | |a RU | ||
| 105 | |a y z 000ay | ||
| 200 | 1 | |a Территория |e роман | |
| 210 | |a Москва |c Современник |d 1984 | ||
| 215 | |a 240 с. | ||
| 225 | 1 | |a Библиотека российского романа | |
| 610 | 1 | |a советская литература | |
| 610 | 1 | |a романы | |
| 675 | |a Р2 |v 3 | ||
| 700 | 1 | |a Куваев |b О. М. |g Олег Михайлович | |
| 801 | 1 | |a RU |b 63413507 |c 20061121 |g PSBO | |
| 942 | |c BK | ||